| 000 | 00628cam a22002172 4500 | ||
|---|---|---|---|
| 001 | 0000004018 | ||
| 005 | 20151217154344.0 | ||
| 008 | 070517s xx 000 0 eng d | ||
| 020 |
_a0070593620 : _cKES 1,800 |
||
| 040 |
_aKABU _cKABU |
||
| 050 | 0 |
_aQA76.64 _b.B35 2006 |
|
| 100 | 1 |
_aBalagurusamy, E. _@0000154341 |
|
| 245 | 1 | 0 | _aObject oriented programming with C++. |
| 250 | _a3rd ed. | ||
| 260 |
_aNew Delhi : _bTata McGraw-Hill, _c2006. |
||
| 300 | _axvii, 614 p. | ||
| 650 | 0 |
_aObject-oriented programming. _@0000148164 |
|
| 908 | _a070517 | ||
| 950 | _@1 | ||
| 999 |
_c10719 _d10719 |
||